00530nam a2200193 a 4500001001300000003000900013005001700022008004100039020001000080082001800090100002300108245003300131260004200164300000900206500003500215505003400250650002900284700002300313nice12345678IN_TiNIC20260116013520.0050524s1982 dela grp 000 0 eng  ac30000a954.0257bHAS aHasrat, Bikramajit aDara Shikuhb Life and Works aDelhibMunshiram Manoharlal Pubc1982 a312p aincludes index and biblioraphy2 aAppendix, Bibliography, Index aMughal India-Dara Shikoh1 aHasrat, Bikramajit